Statistics for FIFA World Cup Knowledge

Click here to take the quiz!

General Stats

  • This quiz has been taken 12,827 times
  • The average score is 14 of 20

Answer Stats

Question Answer % Correct
Who is the only player to win three World Cups?Pelé
93%
Who scored the "Goal of the Century" against England in the 1986 World Cup?Diego Maradona
90%
Who is Brazil's leading goalscorer?Ronaldo
89%
What nation hosted and won the first World Cup?Uruguay
88%
Who was sent off from the 2006 final after head-butting an opponent?Zinedine Zidane
88%
Who gained infamy for biting an opponent in the 2014 tournament?Luis Suárez
87%
What body part did that player use to score another goal in that same game?His Hand
87%
What was the score of Germany's trouncing of Brazil in the 2014 semi-final?7-1
83%
What award is given to the tournament's leading goalscorer?Golden Boot
78%
What country became, in 2018, the least populous country to ever play in the World Cup?Iceland
75%
Who is the captain of England's 2018 squad?Harry Kane
74%
Who has the most goals in World Cup history?Miroslav Klose
67%
What is the nickname of England's team?The Three Lions
66%
Who scored the winning goal in the 2014 final?Mario Götze
62%
What Dutch player received the Golden Ball as player of the tournament in 1974?Johan Cruyff
57%
What is the nickname of France's team?Les Bleus
54%
What country's team are known as the Super Eagles?Nigeria's
51%
What is the nickname of Australia's team?The Socceroos
46%
Germany's team is often called "Die Mannschaft". What does that mean in English?The Team
39%
What Frenchman scored 13 goals in just 6 matches in the 1958 tournament?Just Fontaine
33%

Score Distribution

Percentile by Number Answered

Percent of People with Each Score

Your Score History

You have not taken this quiz